000 00334nam a22001457a 4500
999 _c6424
_d6422
005 20210904103506.0
008 200522b xxu||||| |||| 00| 0 eng d
041 _aeng
082 _a342.52 BAR
245 _aThe Constitution of India
260 _aNew Delhi
_bUniversal
_c2019
300 _a255p.
650 _aLAW
_95701
942 _cBK